Aging and diversity an active learning experience
Bibliography: p.211 - 233
שמור ב:
| מחבר ראשי: | |
|---|---|
| מחברים אחרים: | |
| פורמט: | ספר |
| שפה: | Undetermined |
| יצא לאור: |
Washington, D.C.
Taylor & Francis
1998
|
| נושאים: | |
| גישה מקוונת: | http://lrc.tdmu.edu.vn/opac/search/detail.asp?aID=2&ID=31451 |
| תגים: |
הוספת תג
אין תגיות, היה/י הראשונ/ה לתייג את הרשומה!
|
| Thư viện lưu trữ: | Trung tâm Học liệu Trường Đại học Thủ Dầu Một |
|---|
| LEADER | 00812nam a2200229Ia 4500 | ||
|---|---|---|---|
| 001 | TDMU_31451 | ||
| 008 | 210410s9999 xx 000 0 und d | ||
| 082 | |a 306.8743 | ||
| 090 | |b FR302 | ||
| 100 | |a Fried, Stephen B | ||
| 245 | 0 | |a Aging and diversity | |
| 245 | 3 | |b an active learning experience | |
| 245 | 0 | |c Stephen B. Fried, Chandra M. Mehrotra | |
| 260 | |a Washington, D.C. | ||
| 260 | |b Taylor & Francis | ||
| 260 | |c 1998 | ||
| 300 | |a xx, 242 p. | ||
| 520 | |a Bibliography: p.211 - 233 | ||
| 650 | |a Older people |z United States; Cultural pluralism; Intercultural communication; Người cao tuổi |z Hoa Kỳ (Mỹ) | ||
| 700 | |a Mehrotra, Chandra | ||
| 856 | |u http://lrc.tdmu.edu.vn/opac/search/detail.asp?aID=2&ID=31451 | ||
| 980 | |a Trung tâm Học liệu Trường Đại học Thủ Dầu Một | ||